Pojištění v zahraničním obchodě a zajištění

Na minha lista:
Detalhes bibliográficos
Autor principal: Danda, Pavel
Autor Corporativo: Vysoká škola ekonomická v Praze. Obchodní fakulta
Formato: Livro
Idioma:tcheco
Publicado em: Praha Státní pedagogické nakladatelství 1987
Edição:1. vyd.
Tags: Adicionar Tag
Sem tags, seja o primeiro a adicionar uma tag!

MARC

LEADER 00000nam a2200000 4500
001 c032101
005 20221219103130.5
041 0 |a cze 
044 |a CZ 
245 1 0 |a Pojištění v zahraničním obchodě a zajištění  |c Pavel Danda 
250 |a 1. vyd. 
264 1 |a Praha  |b Státní pedagogické nakladatelství  |c 1987 
300 |a 85 s. 
100 1 |a Danda, Pavel 
710 2 |a Vysoká škola ekonomická v Praze. Obchodní fakulta